The story of Thomas Jefferson / (Record no. 10193)

MARC details
000 -LEADER
fixed length control field 00512nam a22001697a 4500
003 - CONTROL NUMBER IDENTIFIER
control field OSt
005 - DATE AND TIME OF LATEST TRANSACTION
control field 20260504031437.0
008 - FIXED-LENGTH DATA ELEMENTS--GENERAL INFORMATION
fixed length control field 260504b |||||||| |||| 00| 0 eng d
040 ## - CATALOGING SOURCE
Original cataloging agency DWCL-Main lib
Transcribing agency OC
082 ## - DEWEY DECIMAL CLASSIFICATION NUMBER
Classification number Circ. 92 J359m
100 ## - MAIN ENTRY--PERSONAL NAME
Personal name Miers, Earl Schenck
245 ## - TITLE STATEMENT
Title The story of Thomas Jefferson /
Statement of responsibility, etc. Earl Schenck Miers
260 ## - PUBLICATION, DISTRIBUTION, ETC.
Place of publication, distribution, etc. New York :
Name of publisher, distributor, etc. Publishers Grosset & Dunlap,
Date of publication, distribution, etc. c1955.
300 ## - PHYSICAL DESCRIPTION
Extent x, 179 p. ;
Dimensions 21 cm.
700 ## - ADDED ENTRY--PERSONAL NAME
Personal name I.Pollak, Reynold
Relator term Illustrator
942 ## - ADDED ENTRY ELEMENTS (KOHA)
Source of classification or shelving scheme Dewey Decimal Classification
Koha item type Book Circulation
Call number suffix Circ.
Suppress in OPAC No
952 ## - LOCATION AND ITEM INFORMATION (KOHA)
--
Holdings
Withdrawn status Lost status Source of classification or shelving scheme Damaged status Not for loan Home library Current library Shelving location Date acquired Source of acquisition Total Checkouts Full call number Barcode Date last seen Price effective from Koha item type Uniform Resource Identifier
    Dewey Decimal Classification     Junior High School Library Junior High School Library Circulation 03/31/1965 Library Fund   Circ. 92 J359m JHS - 227 05/04/2026 05/04/2026 BK-CIRC